| 000 | 00473nam a2200181Ia 4500 | ||
|---|---|---|---|
| 001 | 11000 | ||
| 005 | 20260306161914.0 | ||
| 008 | 260306t1976||||xx |||||||||||||| ||spa|| | ||
| 041 | _aESP | ||
| 082 |
_a985.02 _bW12 |
||
| 100 |
_aWachtel, Nathan _eAUT |
||
| 245 | 0 |
_aLos vencidos: _blos indios del Perú frente a la conquista española (1530-1570) |
|
| 260 | _c1976 | ||
| 300 |
_a408 páginas : _c20 cm. |
||
| 650 | _aGEN | ||
| 654 | _aCHU | ||
| 942 |
_cLIB _dJUS _fJUS _2ddc _n |
||
| 999 |
_c11000 _d11000 |
||